Les fruits - Statistiques

Statistiques générales
  • Ce quiz a été pris 8 806 fois
    8 237 depuis la dernière actualisation
  • Le résultat moyen est 32 sur 69
Statistiques - réponses
Réponse % Correct
pomme
97%
fraise
95%
banane
94%
poire
93%
framboise
91%
orange
89%
pêche
85%
ananas
84%
tomate
83%
abricot
81%
kiwi
80%
mangue
80%
cerise
79%
pastèque
77%
citron
76%
melon
76%
clémentine
75%
raisin
74%
mûre
70%
myrtille
67%
fruit de la passion
66%
litchi
66%
mandarine
66%
noix
66%
groseille
63%
noix de coco
63%
prune
63%
grenade
59%
pamplemousse
59%
papaye
57%
pitaya
54%
avocat
53%
figue
51%
kaki
51%
noisette
48%
goyave
47%
amande
46%
datte
45%
cassis
42%
mirabelle
36%
noix de cajou
36%
lime
35%
coing
32%
châtaigne
29%
brugnon
25%
canneberge
23%
kumquat
23%
olive
23%
pistache
23%
pomélos
22%
fève de cacao
19%
noix de pécan
19%
carambole
18%
quetsche
13%
ramboutan
13%
noix de macadamia
12%
jujube
11%
mangoustan
11%
nèfle
10%
figue de barbarie
9%
griotte
9%
yuzu
9%
bergamote
8%
arbouse
6%
tamarin
6%
kiwano
5%
myrte
4%
nashi
4%
tamarillo
3%
Aucun quiz correspondant
Distribution des résultats
% des personnes avec chaque résultat
Percentile par nombre de réponses
Votre historique - résultats
Vous n’avez pas pris ce quiz depuis la dernière actualisation